| 000 | 00604nam a22002177a 4500 | ||
|---|---|---|---|
| 003 | OSt | ||
| 005 | 20220107122835.0 | ||
| 008 | 171221b xxu||||| |||| 00| 0 eng d | ||
| 020 | _a9781681174648 | ||
| 040 | _cIIITMK | ||
| 082 | _a006.4 JAS/P | ||
| 100 |
_aJaso, Danel _913532 |
||
| 245 | _aPattern recognition techniques, technology and applications | ||
| 260 |
_aNew york, _bScitus Academics, _c2017. |
||
| 300 | _aviii,290p | ||
| 650 |
_aCOMPUTER SCIENCE _913533 |
||
| 650 |
_aPATTERN RECOGNITION _913534 |
||
| 650 |
_aHUMAN BRAIN _913535 |
||
| 650 |
_aCOGNITION PROCESS _913536 |
||
| 942 |
_2ddc _cBK |
||
| 999 |
_c5951 _d5951 |
||